[Event "Novgorod op"]
[Site "Novgorod"]
[Date "1999.03.27"]
[Round "9"]
[White "Tetradze, Natalia"]
[Black "Iljinsky, Yaroslav"]
[Result "1-0"]
[WhiteElo "2090"]
[BlackElo "2340"]
[PlyCount "113"]
[EventDate "1999.03.19"]
[EventType "swiss"]
[EventRounds "10"]
[EventCountry "RUS"]
[SourceTitle "CBM 069 Extra"]
[Source "ChessBase"]
[SourceDate "1999.05.10"]
[SourceVersion "1"]
[SourceVersionDate "1999.05.10"]
[SourceQuality "1"]

1. Nf3 Nf6 2. c4 g6 3. g3 Bg7 4. Bg2 0-0 5. 0-0 d6 6. d4 Nc6 7. Nc3 Bg4 8. h3 Bxf3 9. Bxf3 Nd7 10. e3 f5 11. Rb1 e5 12. d5 Na5 13. Be2 b6 14. b4 Nb7 15. Qc2 a6 16. Na4 Qe7 17. e4 Nd8 18. Bd2 f4 19. Rb3 Bh6 20. c5 b5 21. cxd6 cxd6 22. Nb2 Nf7 23. Bg4 Nf6 24. Be6 Kg7 25. Rc3 Ra7 26. Bxf7 Rxf7 27. g4 Nd7 28. f3 Qh4 29. Be1 Qxh3 30. Qg2 Qxg2+ 31. Kxg2 Bg5 32. Bf2 Ra8 33. Nd3 Bd8 34. Rc6 Be7 35. Rfc1 Bf8 36. R1c3 a5 37. Rc8 Ra6 38. R3c6 Rxc6 39. dxc6 axb4 40. cxd7 Rxd7 41. Nxb4 h5 42. gxh5 gxh5 43. Nd5 Kf7 44. Rc7 Ke6 45. Rxd7 Kxd7 46. Kh3 Be7 47. Bh4 Bf8 48. Bg5 Kc6 49. Kh4 Kc5 50. Kxh5 Kc4 51. Bd8 Kd3 52. Ba5 Ke2 53. Kg4 Kd3 54. Bb4 Kc4 55. a3 Kd3 56. Nc7 Kc4 57. Ne8 1-0

[Event "Novgorod op"]
[Site "Novgorod"]
[Date "1999.03.21"]
[Round "3"]
[White "Tetradze, Natalia"]
[Black "Akhmadeev, Vadim"]
[Result "0-1"]
[WhiteElo "2090"]
[BlackElo "2467"]
[PlyCount "80"]
[EventDate "1999.03.19"]
[EventType "swiss"]
[EventRounds "10"]
[EventCountry "RUS"]
[SourceTitle "CBM 069 Extra"]
[Source "ChessBase"]
[SourceDate "1999.05.10"]
[SourceVersion "1"]
[SourceVersionDate "1999.05.10"]
[SourceQuality "1"]

1. c4 e6 2. g3 d5 3. Bg2 Nf6 4. Nf3 Be7 5. 0-0 0-0 6. b3 a5 7. Nc3 c6 8. e3 b6 9. d3 Ba6 10. a4 Nbd7 11. Nd4 Rc8 12. f4 g6 13. Kh1 Re8 14. Nf3 Bf8 15. Bb2 Bg7 16. Qc2 b5 17. Ne2 bxc4 18. bxc4 Ng4 19. Bxg7 Kxg7 20. Qc1 Qb6 21. Nfd4 dxc4 22. dxc4 Qb4 23. h3 Ngf6 24. Nxc6 Qxc4 25. Ned4 e5 26. Nb5 Qe6 27. Rd1 exf4 28. exf4 Ne4 29. Qb2+ Qf6 30. Qxf6+ Ndxf6 31. Nd6 Nxd6 32. Rxd6 Bb7 33. Ne5 Bxg2+ 34. Kxg2 Rc2+ 35. Kf3 Rb8 36. Rd3 Rbb2 37. Ng4 Nh5 38. Rg1 Ra2 39. Ne5 Rxa4 40. g4 Nxf4 0-1

[Event "Russia-chB (Women)"]
[Site "Kolontaevo"]
[Date "1998.??.??"]
[Round "?"]
[White "Anisheva, Varvara"]
[Black "Tetradze, Natalia"]
[Result "1-0"]
[WhiteElo "2190"]
[BlackElo "2095"]
[PlyCount "97"]
[EventDate "1998.??.??"]
[EventType "swiss"]
[EventRounds "9"]
[EventCountry "RUS"]
[SourceTitle "EXT 2000"]
[Source "ChessBase"]
[SourceDate "1999.11.16"]
[SourceVersion "1"]
[SourceVersionDate "1999.11.16"]
[SourceQuality "1"]

1. e4 c5 2. g3 Nc6 3. Bg2 g6 4. d3 Bg7 5. f4 e6 6. Nf3 Nge7 7. c3 0-0 8. Be3 d6 9. 0-0 Bd7 10. Na3 Rb8 11. Nc2 b5 12. d4 cxd4 13. Ncxd4 a5 14. Qe2 b4 15. c4 Nxd4 16. Bxd4 Bxd4+ 17. Nxd4 Qb6 18. Qf2 a4 19. b3 Rfd8 20. Kh1 Nc6 21. Rad1 Na5 22. Qf3 Nc6 23. Nb5 Be8 24. Qg4 Na5 25. Nd4 Nc6 26. Nc2 Qc5 27. f5 Bd7 28. Qg5 Qe5 29. Ne3 Be8 30. Ng4 Qg7 31. Nf6+ Kh8 32. Nxe8 Rxe8 33. Rxd6 h6 34. Qe3 Ne5 35. f6 Qf8 36. Qf4 Ng4 37. Ra6 h5 38. h3 e5 39. Qc1 Nh6 40. Rxa4 Kh7 41. Qg5 Qd6 42. Ra5 Ra8 43. Rd5 Qb8 44. Rd2 Re6 45. g4 Qb6 46. Rd7 Rae8 47. Qh4 hxg4 48. hxg4 g5 49. Rxf7+ 1-0

[Event "Russia-chB (Women)"]
[Site "Kolontaevo"]
[Date "1998.??.??"]
[Round "?"]
[White "Tetradze, Natalia"]
[Black "Strutinskaya, Galina N"]
[Result "0-1"]
[WhiteElo "2095"]
[BlackElo "2290"]
[PlyCount "66"]
[EventDate "1998.??.??"]
[EventType "swiss"]
[EventRounds "9"]
[EventCountry "RUS"]
[SourceTitle "EXT 2000"]
[Source "ChessBase"]
[SourceDate "1999.11.16"]
[SourceVersion "1"]
[SourceVersionDate "1999.11.16"]
[SourceQuality "1"]

1. e4 c5 2. Nc3 Nc6 3. g3 g6 4. Bg2 Bg7 5. Nge2 d6 6. d3 e6 7. h4 Nf6 8. Bg5 h6 9. Bd2 d5 10. exd5 exd5 11. Qc1 Bg4 12. Bf4 Ne7 13. Be5 h5 14. Nf4 Be6 15. 0-0 0-0 16. Nxe6 fxe6 17. Bh3 Nf5 18. Re1 Qd7 19. Ne2 Kh7 20. Qd1 Rae8 21. Nf4 Bh6 22. Qf3 d4 23. Bxf6 Rxf6 24. Re5 Nxh4 25. Qe4 Rf5 26. Bxf5 gxf5 27. Qh1 Bxf4 28. Re2 Ng6 29. gxf4 Nxf4 30. Ree1 Rg8+ 31. Kf1 Rg2 32. Qh4 Rg4 33. Qh2 Qc6 0-1

[Event "RUS-Cup5"]
[Site "Ekaterinburg"]
[Date "1997.??.??"]
[Round "8"]
[White "Gladisheva, Tatjana"]
[Black "Tetradze, Natalia"]
[Result "1-0"]
[WhiteElo "2150"]
[BlackElo "2120"]
[PlyCount "101"]
[EventDate "1997.02.13"]
[EventType "swiss"]
[EventRounds "9"]
[EventCountry "RUS"]
[SourceTitle "CBM 057 Extra"]
[Source "ChessBase"]
[SourceDate "1997.05.01"]
[SourceVersion "1"]
[SourceVersionDate "1997.05.01"]
[SourceQuality "1"]

1. e4 c5 2. c3 Nf6 3. e5 Nd5 4. Nf3 e6 5. Bc4 Nb6 6. Bb3 d6 7. d4 dxe5 8. Nxe5 Nc6 9. Qf3 Nxe5 10. dxe5 Qc7 11. Bf4 Bd7 12. 0-0 Bc6 13. Qe2 Nd5 14. Bg3 Be7 15. c4 Nb6 16. Nc3 h5 17. Ne4 Bxe4 18. Qxe4 h4 19. Bf4 0-0-0 20. Be3 Qc6 21. Qxc6+ bxc6 22. Rfd1 Rxd1+ 23. Rxd1 Rd8 24. Rxd8+ Kxd8 25. f4 Nd7 26. Kf2 f6 27. exf6 Nxf6 28. Kf3 Nd7 29. Bc2 Kc7 30. b3 Kd6 31. Bf2 Bd8 32. Be1 Be7 33. Kg4 Nf6+ 34. Kxh4 e5 35. f5 Nd5+ 36. Kg3 Nf4 37. Kf3 Bd8 38. g3 Nh3 39. Kg4 Ng5 40. h4 Nf7 41. Kf3 Be7 42. g4 a6 43. g5 Bd8 44. Bc3 Be7 45. Kg4 Bf8 46. Kh5 Nh8 47. g6 Be7 48. Kg4 Bf6 49. Be4 Kd7 50. Bd2 Kd6 51. Bg5 1-0

[Event "RUS-ch (Women) sf"]
[Site "Kolontaevo"]
[Date "1997.??.??"]
[Round "?"]
[White "Gubernatorova, Lyudmila"]
[Black "Tetradze, Natalia"]
[Result "1/2-1/2"]
[WhiteElo "2210"]
[BlackElo "2120"]
[PlyCount "80"]
[EventDate "1997.??.??"]
[EventType "swiss"]
[EventRounds "9"]
[EventCountry "RUS"]
[SourceTitle "EXT 1999"]
[Source "ChessBase"]
[SourceDate "1998.11.16"]
[SourceVersion "1"]
[SourceVersionDate "1998.11.16"]
[SourceQuality "1"]

1. d4 Nf6 2. c4 g6 3. Nc3 Bg7 4. e4 d6 5. Be2 0-0 6. Bg5 Na6 7. Qd2 Qe8 8. Bd3 e5 9. d5 Bd7 10. Nge2 Nc5 11. Bc2 a5 12. a4 Kh8 13. f3 Ng8 14. Be3 f5 15. Nb5 Qd8 16. Nec3 Nf6 17. 0-0-0 fxe4 18. Nxe4 Nfxe4 19. fxe4 Bxb5 20. cxb5 Qh4 21. g3 Qh3 22. Bxc5 dxc5 23. Qe2 Rf6 24. Rhf1 Raf8 25. Rxf6 Rxf6 26. Bb3 Bf8 27. d6 Bxd6 28. Qc4 Qh6+ 29. Kb1 Qf8 30. b6 cxb6 31. g4 g5 32. Ka2 b5 33. Qxb5 c4 34. Qxc4 b6 35. Qd5 Qb8 36. h4 gxh4 37. Rh1 b5 38. g5 Rg6 39. Rxh4 bxa4 40. Bxa4 Qg8 1/2-1/2

[Event "RUS-Cup5"]
[Site "Ekaterinburg"]
[Date "1997.??.??"]
[Round "7"]
[White "Tetradze, Natalia"]
[Black "Kabanov, Nikolai"]
[Result "0-1"]
[WhiteElo "2120"]
[BlackElo "2275"]
[PlyCount "184"]
[EventDate "1997.02.13"]
[EventType "swiss"]
[EventRounds "9"]
[EventCountry "RUS"]
[SourceTitle "CBM 057 Extra"]
[Source "ChessBase"]
[SourceDate "1997.05.01"]
[SourceVersion "1"]
[SourceVersionDate "1997.05.01"]
[SourceQuality "1"]

1. e4 c5 2. Nf3 Nc6 3. d3 g6 4. g3 Bg7 5. Bg2 e6 6. 0-0 Nge7 7. Nbd2 0-0 8. Re1 d6 9. Nf1 Rb8 10. h4 h6 11. N1h2 e5 12. Bd2 Be6 13. Qc1 Kh7 14. Nf1 f5 15. h5 gxh5 16. Nh4 d5 17. c3 fxe4 18. dxe4 d4 19. f4 exf4 20. gxf4 Ng8 21. Nf3 Bg4 22. N1h2 Bf6 23. cxd4 cxd4 24. Qc4 Be7 25. Qb5 a6 26. Qb3 Bh4 27. Nxh4 Qxh4 28. Rac1 Nge7 29. f5 Rg8 30. Qe6 Rg5 31. Bxg5 Qxg5 32. Nxg4 Qxg4 33. Qf7+ Kh8 34. Qf6+ Kh7 35. Qf7+ Kh8 36. Qf6+ Qg7 37. Qxg7+ Kxg7 38. Rcd1 Rd8 39. Rd2 Kf6 40. Bf3 h4 41. Bd1 Rg8+ 42. Kh2 Ke5 43. a3 Rg3 44. Rf1 Ng8 45. Rf3 Nf6 46. Rf1 d3 47. Rdf2 Nd4 48. Rf4 Ne2 49. Rxh4 Ng4+ 50. Rxg4 Rxg4 51. f6 Rf4 52. Rxf4 Nxf4 53. f7 Ne6 54. Bg4 Nf8 55. Kg3 Kxe4 56. Kf2 b6 57. b4 Kd4 58. Bc8 Kc3 59. Bxa6 d2 60. Be2 Kb3 61. Ke3 Kxa3 62. b5 Kb4 63. Kxd2 Kc5 64. Ke3 Kd5 65. Kf4 Ke6 66. Bc4+ Kf6 67. Kg4 Kg6 68. Kh4 Kg7 69. Kh5 Ng6 70. Ba2 Nf8 71. Bb3 Nd7 72. Ba2 Nf6+ 73. Kh4 Kf8 74. Bb3 Ke7 75. Ba2 Kf8 76. Bb3 Kg7 77. Ba2 Ne4 78. Kh5 Nf6+ 79. Kh4 Ne4 80. Kh5 Nd6 81. f8Q+ Kxf8 82. Kxh6 Ke7 83. Kg5 Nxb5 84. Kf4 Kd6 85. Ke3 Kc5 86. Kd2 Kb4 87. Bg8 Na3 88. Kd3 Nb5 89. Kd2 Nd6 90. Kd3 b5 91. Kd4 Nf5+ 92. Kd3 Ka3 0-1